Az Egyház és a nemzeti önazonosság megőrzése a kisebbségben

Bibliographic Details
Main Author: Papp, Tihamér (Author)
Format: Article
Language:Hungarian
Subjects:

MARC

LEADER 00000nab a2200000 a 4500
001 vtls000626645
003 SK-MaSNL
005 20260318132912.0
008 160401c1997 xo 0 hun
015 |a SNBRB19rr/mm-uuuuu 
035 |a CL0626784 
040 |a SNKBUCL  |b slo  |c SNKBUCL  |e AACR2 
041 0 |a hun 
044 |a xo  |c SK 
080 |a 323.15(4)  |2 1981 
080 |a 24  |2 1981 
080 |a 261.7  |2 1981 
100 1 |a Papp, Tihamér  |4 aut  |9 849077 
245 1 3 |a Az Egyház és a nemzeti önazonosság megőrzése a kisebbségben  |c Tihamér Papp 
650 0 7 |a národnostné menšiny  |2 snkbucl  |9 2669 
650 0 7 |a národná identita  |2 snkbucl  |9 1665 
655 7 |a články z novín a časopisov  |2 snkbucl  |9 267496 
773 0 |t Remény  |g Roč. 8, č. 21 (1997), s. 3 
850 |a Slovenská národná knižnica v Martine  |a DSG001 
852 |a SNK  |b KIS3GCP 
958 |a HU 
958 |a NX 
958 |a RK 
958 |a RBX 
999 |c 2164921  |d 2166851